00851nam a2200229 a 45000010005000000030009000050080041000140400028000550820017000831000026001002450126001262600035002523000010002874900023002976500037003206500033003576500022003906500029004129420012004419990017004539520151004703680CO-ViMGA141112s2004 ck r 000 u spa d aCO-ViMGAbspacCO-ViMGA04a658.409 A8131 aAubert, Nicole95372410aEl coste de la excelencia : b¿del caos a la lógica o de la lógica al caos? / cAubert Nicole , Gaulejac Vincent de  aBarcelona : bPaidós, c1993 a285 p aPaidós contextos14aADMINISTRACION DE EMPRESAS9273514aDr. Gaulejac, Vincent95372514aEXCELENCIA95372614aEXITO EMPRESARIAL953727 2ddccBK c15717d15717 00102ddc40708002aMEVIECARbMEVIECARd2015-12-04hVolumen. 1 | 11/jun/2009l0o658.409 A813 p3680r2015-12-04 00:00:00tEj. 1w2015-12-04yBK